Asian Journal of Literature, Culture and Society

Detalles Bibliográficos
Formato: Electrónico Seriadas
Publicado: [S.l.] : [s.n.]
Materias:
Acceso en línea:Full text available from Research Library: 04/01/2012 to 12/31/2014
Full text available from Research Library: 01/01/2019 to present

MARC

LEADER 00000nas a22000003u 4500
001 ssib040260875
003 WaSeSS
005 20200512172242.0
006 m d
007 cr n
008 200512uuuuuuuuu||||| |ss|||||| ||||||d
035 |a (WaSeSS)ssib040260875 
040 |a WaSeSS  |c WaSeSS  |d WaSeSS 
245 0 0 |a Asian Journal of Literature, Culture and Society  |h [electronic resource]. 
260 |a [S.l.] :  |b [s.n.] 
500 |a Title from content provider. 
506 |a License restrictions may limit access. 
655 0 |a Electronic journals. 
856 4 0 |z Full text available from Research Library: 04/01/2012 to 12/31/2014  |u https://search.proquest.com/publication/4531127 
856 4 0 |z Full text available from Research Library: 01/01/2019 to present  |u https://search.proquest.com/publication/4531127